000 00467nam a22001817a 4500
003 UA-OsUOA
001 13113
007 ta
008 20030416b un ||||| |||| 00| 0 ukr d
100 _aТубіна С.
942 _cSA
040 _aUA-OsUOA
_cUA-OsUOA
_dUA-OsUOA
245 _aУ поліській глибинці...
300 _aС.2
955 _a0
773 0 _w0
_tВісті Рівненщини
_dРівне
_d2003
_g№29
650 7 _aІсторія
_2UDC
999 _c299274
_d299274